The divine wind : (Record no. 187215)

000 -LEADER
fixed length control field 01126 a2200265 4500
003 - CONTROL NUMBER IDENTIFIER
control field Nust
005 - DATE AND TIME OF LATEST TRANSACTION
control field 20170207153458.0
010 ## - LIBRARY OF CONGRESS CONTROL NUMBER
LC control number 76045166
020 ## - INTERNATIONAL STANDARD BOOK NUMBER
International Standard Book Number 0837193036
040 ## - CATALOGING SOURCE
Transcribing agency Nust
082 00 - DEWEY DECIMAL CLASSIFICATION NUMBER
Classification number 940.53
100 1# - MAIN ENTRY--PERSONAL NAME
Personal name Inoguchi, Rikihei.
245 14 - TITLE STATEMENT
Title The divine wind :
Remainder of title Japan's Kamikaze Force in World War II /
Statement of responsibility, etc. Rikihei Inoguchi and Tadashi Nakajima, with Roger Pineau ; foreword by C. R. Brown.
260 ## - PUBLICATION, DISTRIBUTION, ETC.
Place of publication, distribution, etc. Westport, Conn. :
Name of publisher, distributor, etc. Greenwood Press,
Date of publication, distribution, etc. 1978.
300 ## - PHYSICAL DESCRIPTION
Extent 224 p., [12] leaves of plates :
Other physical details ill. ;
Dimensions 23 cm.
500 ## - GENERAL NOTE
General note Includes index.
500 ## - GENERAL NOTE
General note Reprint of the 1959 ed. published by Hutchinson, London.
500 ## - GENERAL NOTE
General note Translation of Kamikaze Tokubetsu K寧ekitai.
505 ## - FORMATTED CONTENTS NOTE
Formatted contents note Birth Of The Kamikaze (Page-25) Kamikaze Operations In The Philippines (Page-59) Special Attack Units In Formosa (Page-119) The Islands Of Japan (Page-131) The Divine Wind (Page-165)
538 ## - SYSTEM DETAILS NOTE
System details note Almirah No.61 Shelf No.2
610 10 - SUBJECT ADDED ENTRY--CORPORATE NAME
Corporate name or jurisdiction name as entry element Japan.
Subordinate unit Kaigun.
-- Kamikaze Tokubetsu K寧ekitai.
650 #0 - SUBJECT ADDED ENTRY--TOPICAL TERM
Topical term or geographic name entry element World War, 1939-1945
General subdivision Aerial operations, Japanese.
700 1# - ADDED ENTRY--PERSONAL NAME
Personal name Nakajima, Tadashi,
700 1# - ADDED ENTRY--PERSONAL NAME
Personal name Pineau, Roger,
Dates associated with a name 1916-
942 ## - ADDED ENTRY ELEMENTS (KOHA)
Source of classification or shelving scheme
Koha item type Book
Holdings
Withdrawn status Lost status Source of classification or shelving scheme Damaged status Not for loan Collection code Permanent Location Current Location Date acquired Total Checkouts Full call number Barcode Date last seen Price effective from Koha item type
            Military College of Signals (MCS) Military College of Signals (MCS) 12/12/2016   940.53 INO MCS21006 12/08/2016 12/12/2016 Book
© 2023 Central Library, National University of Sciences and Technology. All Rights Reserved.